Teoría y práctica de los transformadores / (Record no. 176057)

MARC details
000 -LEADER
campo de control de longitud fija 00741nam a22002295i 4500
001 - NÚMERO DE CONTROL
campo de control 176057
003 - IDENTIFICADOR DE NÚMERO DE CONTROL
campo de control ES-MaACL
005 - FECHA Y HORA DE LA ÚLTIMA TRANSACCIÓN
campo de control 20230906215957.0
007 - CAMPO FIJO DE DESCRIPCIÓN FÍSICA--INFORMACIÓN GENERAL
campo de control de longitud fija t|
008 - DATOS DE LONGITUD FIJA--INFORMACIÓN GENERAL
campo de control de longitud fija 101214s1961 sp a r ||||1| spa d
080 ## - NÚMERO DE LA CLASIFICACIÓN DECIMAL UNIVERSAL
Número de la Clasificación Decimal Universal 621.314
100 1# - ENTRADA PRINCIPAL--NOMBRE DE PERSONA
Nombre de persona Lagoma, Alfonso.
9 (RLIN) 69591
245 10 - MENCIÓN DEL TÍTULO
Título Teoría y práctica de los transformadores /
Mención de responsabilidad, etc. por Alfonso Lagoma.
250 ## - MENCION DE EDICION
Mención de edición 3ª ed. con 214 grabados.
260 ## - PUBLICACIÓN, DISTRIBUCIÓN, ETC.
Lugar de publicación, distribución, etc. Barcelona :
Nombre del editor, distribuidor, etc. Juan Bruguer,
Fecha de publicación, distribución, etc. 1961.
300 ## - DESCRIPCIÓN FÍSICA
Extensión 270 p. :
Otras características físicas il. bl. y n. ;
Dimensiones 22 cm.
490 1# - MENCIÓN DE SERIE
Mención de serie Biblioteca práctica de electricidad ;
Designación de volumen o secuencia 6
650 #4 - PUNTO DE ACCESO ADICIONAL DE MATERIA--TÉRMINO DE MATERIA
Término de materia o nombre geográfico como elemento de entrada Transformadores eléctricos.
9 (RLIN) 17625
830 0# - PUNTO DE ACCESO ADICIONAL DE SERIE-TÍTULO UNIFORME
Título uniforme Biblioteca práctica de electricidad ;
Designación de volumen o secuencia 6
9 (RLIN) 189925
852 ## - LOCALIZACIÓN
Ubicación ES-MaACL
Número de control de estantería E-13793
Encuadernación Olim P-252-bis
Holdings
Estatus retirado Estado de pérdida Estado de daño No para préstamo Biblioteca de origen Biblioteca actual Ubicación en estantería Fecha de adquisición Fuente de adquisición Total de préstamos Signatura topográfica completa Código de barras Visto por última vez Precio de reemplazo Tipo de ítem Koha
        Biblioteca del Ateneo de Madrid Biblioteca del Ateneo de Madrid Depósito 2 14/12/2010     E-13793 1184898 23/02/2023 23/02/2023 Libro impreso